Exploratory descriptive qualitative research of factors influencing male involvement in antenatal care services at Mangochi District Hospital, Malawi / (Record no. 25305)

MARC details
000 -LEADER
fixed length control field 00624nam a22001817a 4500
003 - CONTROL NUMBER IDENTIFIER
control field AUA.1
005 - DATE AND TIME OF LATEST TRANSACTION
control field 20260208103121.0
008 - FIXED-LENGTH DATA ELEMENTS--GENERAL INFORMATION
fixed length control field 260208b |||||||| |||| 00| 0 eng d
040 ## - CATALOGING SOURCE
Transcribing agency JTL
100 ## - MAIN ENTRY--PERSONAL NAME
Personal name Gwengwe, Ida
245 ## - TITLE STATEMENT
Title Exploratory descriptive qualitative research of factors influencing male involvement in antenatal care services at Mangochi District Hospital, Malawi /
Statement of responsibility, etc Ida Gwengwe.
260 ## - PUBLICATION, DISTRIBUTION, ETC. (IMPRINT)
Date of publication, distribution, etc c2025.
300 ## - PHYSICAL DESCRIPTION
Extent x, 149 leaves :
Other physical details illustrations;
Dimensions 30 cm.
610 ## - SUBJECT ADDED ENTRY--CORPORATE NAME
Corporate name or jurisdiction name as entry element Mangochi District Hospital, Malawi
650 ## - SUBJECT ADDED ENTRY--TOPICAL TERM
Topical term or geographic name as entry element Prenatal care
650 ## - SUBJECT ADDED ENTRY--TOPICAL TERM
Topical term or geographic name as entry element Men
942 ## - ADDED ENTRY ELEMENTS (KOHA)
Source of classification or shelving scheme AUA Inhouse Classification
Koha item type Thesis
Classification part MPH
Item part .G84 2025
Holdings
Withdrawn status Lost status Source of classification or shelving scheme Damaged status Not for loan Collection code Home library Current library Shelving location Date acquired Source of acquisition Cost, normal purchase price Serial Enumeration / chronology Total Checkouts Full call number Barcode Date last seen Cost, replacement price Price effective from Koha item type
    AUA Inhouse Classification     JTL Research Collection Judith Thomas Library Judith Thomas Library Judith Thomas Library Research Section 08/02/2026 School of Postgraduate Studies 25.00 AUA28057   MPH .G84 2025 AUA28057 08/02/2026 25.00 08/02/2026 Thesis